| 000 | 00833nam a22002297a 4500 | ||
|---|---|---|---|
| 005 | 20080922101333.0 | ||
| 008 | 080922t xxu||||| |||| 00| 0 eng d | ||
| 020 |
_c000.00 _a8185870225 |
||
| 035 | _aA-993289 | ||
| 040 |
_aVirgo Publication _bEnglish |
||
| 082 | _a021.6 KAU | ||
| 100 |
_aH.K.Kaul _942903 |
||
| 245 | _aLibrary Resource Sharing and network/ | ||
| 260 |
_aNew Delhi _bVirgo Publications _c1999 |
||
| 270 |
_bConnaught Place, New Delhi _e110001 |
||
| 300 |
_a336p. _c22cm |
||
| 490 |
_aLexisNexis student series _942912 |
||
| 700 |
_aNisa Fasil _942905 |
||
| 942 |
_2ddc _cEN _mKAU _h021.6 |
||
| 999 |
_c63391 _d63391 |
||